000 00509nam a2200205Ia 4500
005 20230427135059.0
008 131103s9999 xx 000 0 und d
020 _cRs.4
040 _aLoreto College
041 _aEnglish
082 _a891.443
_bGAN
100 _aGangopadhaya, Sunil
245 _aAronyer din ratri
_cSunil Gangopadhaya
260 _aKolkata
_bAnanda Publisher
_c1970
300 _a151p.
650 _aBengali literature
651 _aBengali novel
850 _aLCLIB
942 _cBK
999 _c21508
_d71987